Harry Potter Zitate - Statistiken

Allgemein
  • Dieses Quiz wurde 41 mal gespielt
  • Das Durchschnittsergebnis liegt bei 8 aus 15
Antwortstatistiken
Hint Antwort % Korrekt
"Nicht meine Tochter du Schlampe" Molly Weasley
91%
"Immer" Severus Snape
88%
"Trainierst du fürs Ballett Potter?" Draco Malfoy
78%
"Züge unter der Erde- Genial diese Muggel" Arthur Weasley
69%
"Ich frage mich warum immer sie drei dabei sind wenn etwas in Hogwarts passiert" Minerva Mcgonagall
69%
"... ist meine Vergangenheit, Gegenwart und Zukunft" Tom Riddle
69%
"Es geht viel schneller als einschlafen" Sirius Black
66%
"Harry du wunderbarer Junge. Du mutiger mutiger Mann" Albus Dumbledore
63%
"Das sind zutiefst missverstandene Geschöpfe" Rubeus Hagrid
63%
"Ich verlange Disziplin und Ordnung" Dolores Umbridge
56%
"Das Ministerium ist gefallen. Der Zaubereiminister ist tot. Sie kommen" Kingsley Shacklebolt
44%
"Wilkommen im fahrenden Ritter" Stan Shunpike
34%
"Es ist hier im Schloss, in dem Raum in dem alles versteckt ist" Die graue Dame
19%
"ach auch noch da" Magda Dursley
16%
"Du lügst nicht nur micht an das stört mich nicht" Aberforth Dumbledore
9%
Keine übereinstimmenden Quizze gefunden
Verteilung der Resultate
Anzahl Personen mit jedem Resultat
Perzentil nach korrekt beantworteten Fragen
Ihre Resultats-Entwicklung
Sie haben dieses Quiz noch nicht gespielt